Pojmy a definice v energetickém hospodářství SRN : Energetické hospodářství a dálkové zásobování teplem (CZT)
Gespeichert in:
| 1. Verfasser: | |
|---|---|
| Format: | Buch |
| Sprache: | Tschechisch |
| Veröffentlicht: |
Pardubice :
Teplárenské sdružení,
1999
|
| Ausgabe: | 1. vyd. |
| Tags: |
Keine Tags, Fügen Sie das erste Tag hinzu!
|
MARC
| LEADER | 00000nam a22000003a 4500 | ||
|---|---|---|---|
| 001 | stu51178 | ||
| 005 | 20150617225705.4 | ||
| 008 | 991202s1999----xr------------------cze-d | ||
| 040 | |a STU |b slo | ||
| 041 | 0 | |a cze | |
| 044 | |a xr | ||
| 080 | |a 620.9(430) | ||
| 100 | 1 | |a Kubín, Miroslav |4 aut | |
| 245 | 1 | |a Pojmy a definice v energetickém hospodářství SRN : |b Energetické hospodářství a dálkové zásobování teplem (CZT) | |
| 250 | |a 1. vyd. | ||
| 260 | |a Pardubice : |b Teplárenské sdružení, |c 1999 | ||
| 300 | |a 63 s | ||
| 996 | |c J*96216/K 11 |l JJK11 |s P |a 0 |w stu51178_0001 | ||